LEADER 02840nam 2200589 450 001 9910789609003321 005 20230125202046.0 010 $a1-60807-073-5 035 $a(CKB)2670000000082126 035 $a(EBL)946523 035 $a(OCoLC)796382963 035 $a(SSID)ssj0000516823 035 $a(PQKBManifestationID)12223424 035 $a(PQKBTitleCode)TC0000516823 035 $a(PQKBWorkID)10477063 035 $a(PQKB)10200069 035 $a(Au-PeEL)EBL946523 035 $a(CaPaEBR)ebr10460263 035 $a(CaBNVSL)mat09100726 035 $a(IEEE)9100726 035 $a(MiAaPQ)EBC946523 035 $a(EXLCZ)992670000000082126 100 $a20200729d2011 uy 101 0 $aeng 135 $aurcn||||||||| 181 $ctxt 182 $cc 183 $acr 200 10$aAviation security engineering $ea holistic approach /$fRainer Ko?lle, Garik Markarian, Alex Tarter 210 1$aBoston :$cArtech House,$dİ2011. 210 2$a[Piscataqay, New Jersey] :$cIEEE Xplore,$d[2011] 215 $a1 online resource (360 p.) 225 1 $aArtech House intelligence and information operations series 300 $aDescription based upon print version of record. 311 $a1-60807-072-7 320 $aIncludes bibliographical references and index. 327 $a1. Security and aviation -- 2. Where we stand today -- 3. Moving forward. 330 3 $aFilling a critical gap in aviation engineering literature, this unique and timely resource provides you with a thorough introduction to aviation system security. It enables you to understand the challenges the industry faces and how they are being addressed. You get a complete analysis of the current aviation security standards ARINC 811, ED-127 and the draft SC-216. The book offers you an appreciation for the diverse collection of members within the aviation industry. Moreover, you find a detailed treatment of methods used to design security controls that not only meet individual corporate interests of a stakeholder, but also work towards the holistic securing of the entire industry. This forward-looking volume introduces exciting new areas of aviation security research and techniques for solving today's the most challenging problems, such as security attack identification and response.$cPublisher abstract. 410 0$aArtech House intelligence and information operations series. 606 $aAeronautics$xSecurity measures 615 0$aAeronautics$xSecurity measures. 676 $a363.2876 700 $aKo?lle$b Rainer$01523009 701 $aMarkarian$b Garik$01514079 701 $aTarter$b Alex$01523010 801 0$bCaBNVSL 801 1$bCaBNVSL 801 2$bCaBNVSL 906 $aBOOK 912 $a9910789609003321 996 $aAviation security engineering$93763063 997 $aUNINA LEADER 03864nam 2200541Ia 450 001 9911006525203321 005 20230721012355.0 010 $a1-61583-800-7 035 $a(CKB)2560000000048751 035 $a(EBL)3385148 035 $a(SSID)ssj0000484555 035 $a(PQKBManifestationID)12147730 035 $a(PQKBTitleCode)TC0000484555 035 $a(PQKBWorkID)10594824 035 $a(PQKB)11376148 035 $a(MiAaPQ)EBC3385148 035 $a(BIP)14131862 035 $a(EXLCZ)992560000000048751 100 $a20070607d2007 uy 0 101 0 $aeng 135 $aur|n|---||||| 181 $ctxt 182 $cc 183 $acr 200 10$aFundamentals of marine riser mechanics $ebasic principles and simplified analyses /$fCharles P. Sparks 210 $aTulsa, OK $cPenn Well$dc2007 215 $a1 online resource (358 p.) 300 $aIncludes index. 311 08$a1-59370-070-9 327 $a""Contents""; ""Preface""; ""Acknowledgments""; ""Nomenclature""; ""SI Unit Equivalents""; ""Introduction""; ""Pipe and Riser Deflections and Global Stability: The Effective Tension Concept""; ""Application of Effective Tension: Frequent Difficulties and Particular Cases""; ""Pipe and Riser Stresses""; ""Pipe and Riser Strains""; ""Tensioned-Beam Behavior""; ""Statics of Near-Vertical Cables""; ""Near-Vertical Riser Static Behavior""; ""Stress Joint Design""; ""Riser Bundles: Local Bending Between Guides""; ""Near-Vertical Risers Associated with Floating Platforms with Stiff Tensioners"" 327 $a""Steel Catenary Risers""""Axial Vibrations of Fixed Risers""; ""Axial Vibrations of Hung-Off Risers""; ""Transverse Modal Vibrations of Near-Vertical Risers""; ""Appendix A: Tensioned-Beam Equations""; ""Appendix B: Tension Calculations for Simple Riser Cases""; ""Appendix C: Application of the Morison Equation to Risers""; ""Appendix D: Stress and Strain Relationships in a Thick-Walled Pipe""; ""Appendix E: Equivalent Poissona???s Ratios for Anisotropic Pipes""; ""Appendix F: Curvature of a Tensioned Beam Subject to Generalized Load""; ""Appendix G: Riser Bundle Pipe Moments between Guides"" 327 $a""Appendix H: Catenary Equations""""Appendix I: Damped Axial Vibrations""; ""Appendix J: Notes on Excel Files""; ""Index"" 330 $aCharles Sparks has written this definitive work on the fundamentals of riser mechanics, with the aim of increasing understanding of many aspects of riser static and dynamic behavior. This book is based on the author's 28 years of experience with riser analysis and, in particular, on his previous publications, some of which have become classics of riser literature. Basic principles are clearly established using several different complementary approaches. The primary parameters that influence riser behavior are identified, and their influence is illustrated using 17 Excel files, provided on an accompanying CD-ROM, which readers are able to use with their own data. The files are intended primarily to allow readers to confirm the validity of statements made in the text, but they can also be used to for the simplified analysis of particular riser problems. This book is a must-own, for anyone who deals with riser design and analysis or with riser technology, from the classroom student to the offshore drilling platform engineer. 606 $aDrilling platforms 606 $aOffshore oil well drilling 606 $aOil fields$xProduction methods 615 0$aDrilling platforms. 615 0$aOffshore oil well drilling. 615 0$aOil fields$xProduction methods. 676 $a622/.33819 700 $aSparks$b Charles P$01822660 801 0$bMiAaPQ 801 1$bMiAaPQ 801 2$bMiAaPQ 906 $aBOOK 912 $a9911006525203321 996 $aFundamentals of marine riser mechanics$94388978 997 $aUNINA